Política y planificación científica y tecnológica en Centroamérica: informe presentado a la UNESCO /
Salvato in:
| Enti autori: | , |
|---|---|
| Natura: | testo |
| Pubblicazione: |
Guatemala:
Secretaría Permanente del Tratado General de Integración Económica Centroamericana
|
| Tags: |
Aggiungi Tag
Nessun Tag, puoi essere il primo ad aggiungerne!!
|
MARC
| LEADER | 00000 a a2200000 04500 | ||
|---|---|---|---|
| 001 | 21434 | ||
| 003 | |||
| 040 | |||
| 090 | |a 094400 | ||
| 110 | |a Secretaría Permanente del Tratado General de Integración Económica Centroamericana | ||
| 245 | |a Política y planificación científica y tecnológica en Centroamérica: informe presentado a la UNESCO / |c Secretaría Permanente del Tratado General de Integración Económica Centroamericana | ||
| 260 | |a Guatemala: |b Secretaría Permanente del Tratado General de Integración Económica Centroamericana | ||
| 300 | |a 25 p. | ||
| 710 | |a SIECA | ||
| 999 | |c 8497 |d 8497 | ||
